00441nam a22001457a 450000500170000000800410001702000150005804100130007308200150008610000310010124500580013226000470019030000330023765000250027020231108140617.0231108b |||||||| |||| 00| 0 eng d a0702130338 aEnglish  a346.2 VAN  avan Deventer, R lEnglish  aThe Law of Construction Contracts / cR van Deventer  aCape Town : bJuta and Company Ltd, c1993 bxviii, 381 pages ; c26 cm.  aLegal practice bLaw